Online Catalogue and eLibrary

Pasumai puratchiyin vanmurai (Record no. 1482)

MARC details
000 -LEADER
fixed length control field 00214nam a2200097Ia 4500
008 - FIXED-LENGTH DATA ELEMENTS--GENERAL INFORMATION
fixed length control field 240331s9999 xx 000 0 und d
082 ## - DDC Classification
Item Number - Author Mark SHI
100 ## - MAIN ENTRY--PERSONAL NAME
Personal name Shiva, V
245 #0 - TITLE STATEMENT
Title Pasumai puratchiyin vanmurai
942 ## - Koha item type (Biblio)
Koha item type Books in Stacks (Lending)
Holdings
Lost status Damaged status Collection code Home library Current library Shelving location Date acquired Full call number Accession Number Item type
    Lending WERC Library WERC Library Social Science Cupboard 03/31/2024 304.2 SHI 1196 Books in Stacks (Lending)

© WERC Library